[Event "GEO World Cup Final U10"]
[Site "Batumi"]
[Date "2024.07.02"]
[Round "2"]
[White "Mrozowski, Nikodem"]
[Black "Ramakrishnan, Rahul"]
[Result "0-1"]
[WhiteElo "1816"]
[BlackElo "1838"]
[PlyCount "92"]
[EventDate "2024.07.01"]
[EventType "match"]
[EventRounds "5"]
[EventCountry "GEO"]
[SourceTitle "EXT 2025"]
[Source "ChessBase"]
[SourceDate "2024.10.14"]
[SourceVersion "1"]
[SourceVersionDate "2024.10.14"]
[SourceQuality "1"]

1. e4 e6 2. d4 d5 3. e5 b6 4. Nf3 Ba6 5. Bxa6 Nxa6 6. c3 Qd7 7. Qd3 Nb8 8. 0-0 Ne7 9. b3 Nbc6 10. c4 Rd8 11. Rd1 Ng6 12. cxd5 Qxd5 13. Nc3 Qd7 14. Qe2 Bb4 15. Ne4 0-0 16. Be3 Be7 17. a3 Qd5 18. Qc2 Na5 19. Ned2 Nb7 20. Nc4 b5 21. Nb2 f6 22. b4 a5 23. bxa5 Nxa5 24. Qxc7 Nb3 25. exf6 Rxf6 26. Rab1 Rxf3 27. gxf3 Rf8 28. Nd3 Nh4 29. Ne1 Bd6 30. Qb6 Rb8 31. Qa7 Ra8 32. Qb6 Rb8 33. Qa7 Ra8 34. Qxa8+ Qxa8 35. Rxb3 Nxf3+ 36. Nxf3 Qxf3 37. Ra1 Qg4+ 38. Kf1 Bxh2 39. Rab1 h5 40. Rxb5 h4 41. Rg5 Qf3 42. Rc1 h3 43. a4 Bd6 44. Ke1 Bb4+ 45. Bd2 Bxd2+ 46. Kxd2 Qf4+ 0-1

[Event "GEO World Cup Final U10"]
[Site "Batumi"]
[Date "2024.07.01"]
[Round "1"]
[White "Ramakrishnan, Rahul"]
[Black "Mrozowski, Nikodem"]
[Result "1-0"]
[WhiteElo "1838"]
[BlackElo "1816"]
[PlyCount "123"]
[EventDate "2024.07.01"]
[EventType "match"]
[EventRounds "5"]
[EventCountry "GEO"]
[SourceTitle "EXT 2025"]
[Source "ChessBase"]
[SourceDate "2024.10.14"]
[SourceVersion "1"]
[SourceVersionDate "2024.10.14"]
[SourceQuality "1"]

1. d4 Nf6 2. c4 Nc6 3. Nc3 e5 4. d5 Ne7 5. e4 Ng6 6. Nf3 Bc5 7. Bd3 d6 8. 0-0 Bd7 9. Bd2 0-0 10. a3 a5 11. Rb1 a4 12. Bc2 Qe8 13. Qe2 Nh5 14. Be3 Nhf4 15. Qd2 Bxe3 16. fxe3 Nh5 17. Qe2 Nf6 18. Rfc1 Qb8 19. b4 axb3 20. Rxb3 Bg4 21. Rcb1 b6 22. h3 Bxf3 23. Qxf3 Nd7 24. a4 Nc5 25. Rb5 Qd8 26. Rf1 Qg5 27. Kh2 Ne7 28. Rbb1 g6 29. g4 Qh4 30. Qg3 Qxg3+ 31. Kxg3 Kg7 32. h4 h6 33. Nb5 Rac8 34. Ra1 Nb7 35. Rf2 Na5 36. Bd3 f6 37. Raf1 Nb3 38. g5 fxg5 39. hxg5 Rxf2 40. gxh6+ Kxh6 41. Rxf2 Ra8 42. Bc2 Na5 43. Rf7 Nc8 44. Rxc7 Kg5 45. Bd1 Kf6 46. Bg4 Ne7 47. Nxd6 Nb3 48. Nb5 Nd2 49. d6 Nxe4+ 50. Kf3 Ng5+ 51. Ke2 Nf5 52. Rc6 Rxa4 53. d7+ Ke7 54. Rxg6 Ra2+ 55. Kd3 e4+ 56. Kc3 Nxe3 57. Rg7+ Nf7 58. Rxf7+ Kxf7 59. d8Q Nxg4 60. Qd7+ Kf6 61. Qxg4 e3 62. Qd4+ 1-0

[Event "GEO World Cup-B U10"]
[Site "Batumi"]
[Date "2024.06.24"]
[Round "2"]
[White "Xia, Joshua"]
[Black "Ramakrishnan, Rahul"]
[Result "1-0"]
[WhiteElo "2060"]
[BlackElo "1838"]
[PlyCount "105"]
[EventDate "2024.06.23"]
[EventType "swiss"]
[EventRounds "7"]
[EventCountry "GEO"]
[SourceTitle "EXT 2025"]
[Source "ChessBase"]
[SourceDate "2024.10.14"]
[SourceVersion "1"]
[SourceVersionDate "2024.10.14"]
[SourceQuality "1"]

1. e4 e6 2. d4 d5 3. Nd2 Nf6 4. e5 Nfd7 5. Bd3 c5 6. c3 b6 7. Nh3 Ba6 8. Bxa6 Nxa6 9. 0-0 Be7 10. Qg4 g6 11. Nf3 h6 12. Nf4 h5 13. Qh3 Nc7 14. Be3 Qc8 15. b3 Qb7 16. a4 0-0-0 17. dxc5 bxc5 18. Nd3 Qxb3 19. Bg5 Bxg5 20. Nxg5 Rdf8 21. Qe3 Qb6 22. a5 Qc6 23. Rfb1 c4 24. Nf4 Qc5 25. Qe2 Nb5 26. a6 Nc7 27. Rb7 Nb8 28. Qb2 Kd7 29. h4 Ke7 30. Qa3 Qxa3 31. Rxc7+ Kd8 32. Nfxe6+ fxe6 33. Nxe6+ Ke8 34. Ng7+ Kd8 35. Ne6+ Ke8 36. Rxa3 Rfg8 37. Ra5 Nd7 38. Rxd5 Rh7 39. Rxa7 Re7 40. Ra8+ Kf7 41. Ng5+ Kg7 42. Ra7 Rd8 43. e6 Kh6 44. Nf7+ Rxf7 45. exf7 g5 46. Raxd7 Rf8 47. a7 g4 48. Rd8 g3 49. Rxf8 gxf2+ 50. Kxf2 Kg7 51. a8Q Kh7 52. Rc8 Kg6 53. f8Q 1-0